| 000 | 00619nam a2200181Ia 4500 | ||
|---|---|---|---|
| 008 | 090124s9999 xx 000 0 und d | ||
| 082 | _b45409 | ||
| 100 | _aपंडित श्रीनिवास | ||
| 245 | _a शूर गांडुळ आणि इतर कथा | ||
| 250 | _a2 | ||
| 260 | _c2007 | ||
| 300 | _a48 | ||
| 600 | _aपंडित श्रीनिवास | ||
| 630 | _a शूर गांडुळ आणि इतर कथा | ||
| 700 | _aपंडित श्रीनिवास | ||
| 730 | _a शूर गांडुळ आणि इतर कथा | ||
| 942 | _cBOOK | ||
| 999 |
_c111625 _d111625 |
||